| 000 | 00989nam a22002897a 4500 | ||
|---|---|---|---|
| 001 | 15915037 | ||
| 003 | OSt | ||
| 005 | 20210421063351.0 | ||
| 008 | 090921s2010 ctua 001 0 eng | ||
| 010 | _a 2009037998 | ||
| 020 | _a9780300155334 (alk. paper) | ||
| 040 |
_aeng _cDLC _deng _beng |
||
| 050 | 0 | 0 |
_aP112 _b.C74 2010 |
| 080 |
_a811 _bC-81 |
||
| 082 | 0 | 0 |
_a400 _222 |
| 100 | 1 |
_aCrystal, David, _d1941- |
|
| 245 | 1 | 2 |
_aA little book of language / _cDavid Crystal. |
| 260 |
_aNew Haven : _bYale University Press, _c2010. |
||
| 300 |
_avii, 260 p. : _bill. ; _c22 cm. |
||
| 504 | _aIncludes bibliographical references and index. | ||
| 650 | 0 | _aLanguage and languages. | |
| 650 | 0 |
_aLinguistics _9445 |
|
| 653 | _aლინგვისტიკა | ||
| 906 |
_a7 _bcbc _corignew _d1 _eecip _f20 _gy-gencatlg |
||
| 942 |
_2udc _cBK |
||
| 999 |
_c651 _d651 |
||